Statistické přehledy

Saved in:
Bibliographic Details
Format: Serial
Language:Slovak
Published: Praha Panorama 1986
Tags: Add Tag
No Tags, Be the first to tag this record!

MARC

LEADER 00000nas2a2200000 4500
001 s029527
005 20250730114139.4
041 0 |a slo 
044 |a CZ 
245 1 0 |a Statistické přehledy 
264 1 |a Praha  |b Panorama  |c 1986 
300 |a 1 zv. 
773 0 |w eu_un_cat*s120235